000 00470nam a2200181Ia 4500
003 OSt
005 20220519093519.0
008 211109s9999||||xx |||||||||||||| ||und||
040 _cSBCL
082 _a894.8121
_bPAR-T
100 _aUlloor, S Parameswara Iyar
245 0 _aTharangani
260 _bUllur Publishers
_aJagathy
_c1971
300 _a104p
630 _xGeneral Stack
650 _aLiteratures of other languages
_vMalayalam Poetry
_xGeneralia
942 _cBOOK
999 _c5241
_d5241